000 01648nam a22004577a 4500
003 OSt
005 20231103173903.0
008 221006b |||||||| |||| 00| 0 eng d
040 _cBiblioteca Lado V
082 _a701.1
_bS744a
100 _9795
_aSrendni de Birbragher, Celia
_eeditora
_edirectora
245 _aArtNexus/
260 _bAsociación de Revistas Culturales
_c2018
_aU.S.A.
_aColombia
300 _c21x28cm
_a142p.
366 _eeng
490 _a110
_v2018
_x0120 713 X
505 _tDario Escobar
_aDonde la materia se une al mito
505 _tEduardo Ponjuan
_aEl libro de arte cubano
505 _tEncuentro de lugares
505 _tBienal de Artes visuales del Istmo Centroamericano
505 _tLa Copia original
505 _tEmbracing Modernity
505 _tPrincipio Potosi
505 _tDiseño Mexicano I
505 _tCronicas
505 _tExposiciones Colectivas
505 _tGuía de Galerías y Museos
505 _tReseña de libros
505 _tLIbros y Catalogos
505 _tLibros para la Venta
650 _2Tesauro de Arte & Arquitectura
_aARTE
_9703
650 _2Tesauro de Arte & Arquitectura
_aEXPOSICIONES
650 _2Tesauro de Arte & Arquitectura
_aBIENAL
650 _2Tesauro de Arte & Arquitectura
_aAPRECIACION
650 _2Tesauro de Arte & Arquitectura
_aTEORIA
650 _2Tesauro de Arte & Arquitectura
_aCRITICA
650 _2Tesauro de Arte & Arquitectura
_aFOTOGRAFIA
_9702
650 _2Tesauro de Arte & Arquitectura
_aLITERATURA
651 _2Tesauro de Arte & Arquitectura
_aCOLOMBIA
942 _2ddc
_c1
_h701.1
_iS744a
_n0
999 _c4559
_d4559